CONSTITUTION OF INDIA (Record no. 25767)

MARC details
000 -LEADER
fixed length control field 00279nam a22001217a 4500
003 - CONTROL NUMBER IDENTIFIER
control field SGT
082 ## - DEWEY DECIMAL CLASSIFICATION NUMBER
Classification number 342.0954
Item number UPA
100 ## - MAIN ENTRY--PERSONAL NAME
Personal name UPADHAYAY JAI JAI RAM
245 ## - TITLE STATEMENT
Title CONSTITUTION OF INDIA
260 ## - PUBLICATION, DISTRIBUTION, ETC. (IMPRINT)
Place of publication, distribution, etc PRAYAGRAJ
Name of publisher, distributor, etc CENTRAL LAW AGENCY
Year of Publication 2023
300 ## - PAGE DESCRIPTION
No. of Pages 357
942 ## - ADDED ENTRY ELEMENTS (KOHA)
Source of classification or shelving scheme Dewey Decimal Classification
Koha item type Books
942 ## - ADDED ENTRY ELEMENTS (KOHA)
-- 9
Holdings
Withdrawn status Lost status Source of classification or shelving scheme Damaged status Not for loan Collection code Home library Current library Shelving location Date acquired Vendor Name Cost, normal purchase price SGTU Bill Number Full call number Accession No. (Barcode) Date last seen Bill Date Koha item type Total Checkouts Date last borrowed
    Dewey Decimal Classification   Not For Loan LAW SGT Science & Social Sciences Library SGT Science & Social Sciences Library Reference Book 27/02/2024 COMMERCIAL BOOK HOUSE 410.00 SGTU 2075 342.0954 UPA FL3391 27/02/2024 06/02/2024 Books    
    Dewey Decimal Classification     LAW SGT Science & Social Sciences Library SGT Science & Social Sciences Library Text Book 27/02/2024 COMMERCIAL BOOK HOUSE 410.00 SGTU 2075 342.0954 UPA FL3392 07/05/2025 06/02/2024 Books 3 07/05/2025
    Dewey Decimal Classification     LAW SGT Science & Social Sciences Library SGT Science & Social Sciences Library Text Book 27/02/2024 COMMERCIAL BOOK HOUSE 410.00 SGTU 2075 342.0954 UPA FL3393 02/07/2025 06/02/2024 Books 1 03/02/2025
    Dewey Decimal Classification     LAW SGT Science & Social Sciences Library SGT Science & Social Sciences Library Text Book 27/02/2024 COMMERCIAL BOOK HOUSE 410.00 SGTU 2075 342.0954 UPA FL3394 02/06/2025 06/02/2024 Books 6 28/04/2025
    Dewey Decimal Classification     LAW SGT Science & Social Sciences Library SGT Science & Social Sciences Library Text Book 27/02/2024 COMMERCIAL BOOK HOUSE 410.00 SGTU 2075 342.0954 UPA FL3395 19/02/2025 06/02/2024 Books 1 17/02/2025
    Dewey Decimal Classification     LAW SGT Science & Social Sciences Library SGT Science & Social Sciences Library Text Book 27/02/2024 COMMERCIAL BOOK HOUSE 410.00 SGTU 2075 342.0954 UPA FL3396 15/05/2026 06/02/2024 Books 10 04/05/2026